| 000 | 00000nam##2200000za#4500 |
| 001 | 9.695125 |
| 003 | CaOODSP |
| 005 | 20210624234431 |
| 007 | cr ||||||||||| |
| 008 | 150407|2001||||xxc|||||o f|0| 0 eng|d |
| 040 | |aCaOODSP|beng |
| 043 | |an-cn--- |
| 086 | 1 |aC1-21/2000E-PDF |
| 110 | 1 |aCanada.|bIndustry Canada. |bTelecommunications Policy Branch. |
| 245 | 10|aTelecommunications service in Canada : |h[electronic resource]|ban industry overview, 1999-2000 |
| 260 | |aOttawa - Ontario : |bIndustry Canada. |cc2001. |
| 300 | |a171p.|bfigs. (some coloured), glossary, graphs, map, organization charts, references, tables |
| 500 | |a"This publication provides an overview of economic activity, financial performance, and corporate and regulatory development in the Canadian telecommunications service industry. The publication draws on information brought together from several different sources, including Statistics Canada, public company reports, and the Canadian Radio-Television and Telecommunications Commission (CRTC)."--Introduction. |
| 520 | 3 |aThis publication provides an overview of economic activity, financial performance, and corporate and regulatory development in the Canadian telecommunications service industry. The publication draws on information brought together from several different sources, including Statistics Canada, public company reports, and the Canadian Radio-Television and Telecommunications Commission (CRTC).--Introduction |
| 590 | |a11-28-Supp|b2011-11-17 |
| 690 | 07|aCommunications industry|2gcpds |
| 690 | 07|aIndustrial technology|2gcpds |
| 775 | 08|tService de télécommunication au Canada : |w(CaOODSP)9.639269 |
| 776 | 0#|tTelecommunications service in Canada : |w(CaOODSP)9.648272 |
| 776 | 0#|tTelecommunications service in Canada : |w(CaOODSP)9.663067 |
| 776 | 0#|tService de télécommunication au Canada : |w(CaOODSP)9.663068 |
| 856 | 40|ahttp://publications.gc.ca|qPDF|s1.78 MB|uhttps://publications.gc.ca/collections/Collection/C1-21-2000E.pdf |